000 00942nam a22002777a 4500
003 URS
005 20240418211730.0
008 200221t2022 ||||| |||| 00| 0 eng d
020 _a978-621-451-025-2
040 _cURS
050 1 4 _aPN 59
_bT2205 2022
245 0 0 _aThe teaching and assessment of literature studies /
_cRemedios C. Bacus, PhD, Lonell Jay Terogo, PhD, Roselyn T. Bustos, DA, Lelani C. Dapat, EdD.
264 1 _aQuezon City :
_bLorimar Publishing Inc.,
_c[2022]
264 4 _ccopyright 2022
300 _axii, 141 pages ;
_c24 cm
336 _2rdacontent
_atext
337 _2rdamedia
_bunmediated
338 _2rdacarrier
_bvolume
504 _aIncludes bibliographical references.
650 0 _aLiterature
_xStudy and teaching
700 1 _aBacus, Remedios C.
_eauthor
700 1 _aTerogo, Ionell Jay
_eauthor
700 1 _aBustos, Roselyn T.
_eauthor
700 1 _aDapat, Lelani C.
_eauthor
942 _2lcc
_cF
999 _c78137
_d78136